| 000 | 00365nam a2200145Ia 4500 | ||
|---|---|---|---|
| 008 | 230917s9999||||xx |||||||||||||| ||und|| | ||
| 040 |
_e43247 _aMAIN |
||
| 041 | _aEnglish | ||
| 082 | _a942 H629W:L | ||
| 100 | _aWilkinson, B | ||
| 245 | 4 | _aThe later middle ages in England 1216- 1485 | |
| 260 |
_aLondon _bLongman _c1969 |
||
| 300 | _axiii, 419 p. | ||
| 942 | _cBK | ||
| 999 |
_c221693 _d221693 |
||